[Event "AUTO-ADV-3513"]
[Site "http://www.queenalice.com/game.php?id=1413758"]
[Date "2016.3.16"]
[Round "2"]
[White "Michelangelo"]
[Black "kiruba"]
[Result "1/2-1/2"]
[WhiteElo "2136"]
[BlackElo "2017"]

1. e4 e6 2. d4 d5 3. exd5 exd5 4. Nf3 Nf6 5. Bg5 Nc6 6. c3 Bd6 7. Bd3 O-O 8. O-O
Bg4 9. Nbd2 h6 10. Bh4 g5 11. Bg3 Bxg3 12. fxg3 Nh5 13. Qc2 Be6 14. Rae1 Qd7 15.
b4 a6 16. Ne5 Nxe5 17. Rxe5 Rae8 18. Nf3 c6 19. Rfe1 Nf6 20. Qd2 Ng4 21. Rxg5+
hxg5 22. Qxg5+ Kh8 23. Qh5+ Kg7 24. Qh7+ 1/2-1/2

[Event "AUTO-ADV-3513"]
[Site "http://www.queenalice.com/game.php?id=1413759"]
[Date "2016.3.16"]
[Round "2"]
[White "kiruba"]
[Black "mvson33"]
[Result "1/2-1/2"]
[WhiteElo "2023"]
[BlackElo "1875"]

1. Nf3 d5 2. d4 Nf6 3. e3 Bf5 4. c4 h6 5. cxd5 Nxd5 6. Bc4 e6 7. O-O Nd7 8. Nbd2
Bh7 9. e4 N5b6 10. Re1 Bb4 11. a3 Be7 12. Qe2 Nxc4 13. Nxc4 O-O 14. d5 exd5 15.
exd5 Re8 16. Ne3 Nf6 17. Qc4 Bd6 18. b4 Qd7 19. Bb2 Rad8 20. Bxf6 gxf6 21. Qg4+
Qxg4 22. Nxg4 Kg7 23. Rxe8 Rxe8 24. Re1 Rxe1+ 25. Nxe1 Be5 26. Nf3 Bb2 27. a4
Be4 28. Ne3 Bc1 29. Nd4 Bxe3 30. fxe3 Bxd5 31. Nb5 Bc6 32. Nxc7 Bxa4 33. b5 Kf8
34. Kf2 Bb3 35. Kf3 Ke7 36. Ke4 Bc4 37. Kd4 Kd6 38. Ne8+ Ke7 39. Ng7 Bxb5 40.
Nf5+ Ke6 41. Nxh6 Be2 42. h4 f5 43. e4 f4 44. Nf5 f6 45. h5 Kf7 46. h6 Kg6 47.
g3 fxg3 48. Nxg3 Bg4 49. e5 fxe5+ 50. Kxe5 Kxh6 51. Kd5 a5 52. Kc5 a4 53. Kb4
Bd1 54. Ne4 Kg6 55. Nc3 Bc2 56. Nxa4 Bxa4 57. Kxa4 1/2-1/2

[Event "AUTO-ADV-3513"]
[Site "http://www.queenalice.com/game.php?id=1413760"]
[Date "2016.3.16"]
[Round "2"]
[White "mvson33"]
[Black "kiruba"]
[Result "0-1"]
[WhiteElo "1820"]
[BlackElo "2028"]

1. Nf3 Nf6 2. d4 g6 3. Bf4 Bg7 4. h3 O-O 5. e3 d5 6. c4 e6 7. cxd5 Nxd5 8. Bh2
Nd7 9. Bd3 c5 10. Qa4 cxd4 11. Nxd4 Nc5 12. Qc2 Nb4 0-1

[Event "AUTO-MASTER-2477"]
[Site "http://www.queenalice.com/game.php?id=1427507"]
[Date "2016.6.14"]
[Round "1"]
[White "kiruba"]
[Black "dadge"]
[Result "0-1"]
[WhiteElo "1979"]
[BlackElo "2063"]

1. Nf3 Nf6 2. e3 e6 3. d4 d5 4. Bd3 c5 5. b3 Nc6 6. Bb2 b6 7. O-O Bd6 8. c4 Nb4
9. cxd5 exd5 10. a3 Nxd3 11. Qxd3 Be6 12. Nbd2 Rc8 13. Rac1 O-O 14. Rc2 cxd4 15.
Rxc8 Qxc8 16. Rc1 Qb8 17. Qxd4 Rc8 18. Rxc8+ Qxc8 19. e4 Bc5 20. Qc3 dxe4 21.
Nxe4 Be7 22. Nxf6+ Bxf6 23. Qxc8+ Bxc8 24. Bxf6 gxf6 25. b4 Kg7 26. Kf1 Bb7 27.
Nd4 Bd5 28. g3 Kg6 29. Nb5 Bc4+ 30. Kg2 Bxb5 31. Kf3 f5 32. Kf4 f6 33. h3 h5 34.
h4 a6 35. Ke3 Kf7 36. Kd4 Ke6 37. f3 Bc6 38. f4 Kd6 0-1

[Event "AUTO-MASTER-2477"]
[Site "http://www.queenalice.com/game.php?id=1427508"]
[Date "2016.6.14"]
[Round "1"]
[White "dadge"]
[Black "kiruba"]
[Result "1-0"]
[WhiteElo "2082"]
[BlackElo "2003"]

1. e4 e6 2. d4 d5 3. Nc3 c5 4. exd5 exd5 5. Nf3 Nf6 6. Bg5 Be7 7. Be2 O-O 8. O-O
Nc6 9. dxc5 h6 10. Bxf6 Bxf6 11. Nxd5 Bxb2 12. Rb1 Ba3 13. Nf4 Bxc5 14. Bd3 b6
15. Qe2 Be6 16. Nxe6 fxe6 17. Qe4 Nd4 18. Qh7+ Kf7 19. Ne5+ Ke8 20. Qxg7 Nf5 21.
Bb5+ 1-0

[Event "AUTO-MASTER-2477"]
[Site "http://www.queenalice.com/game.php?id=1427509"]
[Date "2016.6.14"]
[Round "1"]
[White "kiruba"]
[Black "franz_ferdinand"]
[Result "0-1"]
[WhiteElo "1990"]
[BlackElo "2114"]

1. Nf3 d5 2. d4 Bf5 3. e3 e6 4. Bd3 Bxd3 5. Qxd3 c6 6. O-O f5 7. c4 Nf6 8. Nbd2
Bd6 9. cxd5 cxd5 10. b3 O-O 11. Ne5 Nbd7 12. Bb2 Rc8 13. Rac1 Qb6 14. Rc2 Bxe5
15. dxe5 Ne4 16. Rfc1 Rc6 17. Bd4 Qc7 18. Bxa7 Rc8 19. Rxc6 bxc6 20. Bd4 Qa5 21.
Nxe4 fxe4 22. Qc3 Qxa2 23. Kf1 c5 24. Ra1 Qxa1+ 25. Qxa1 cxd4 26. Qxd4 Rc1+ 27.
Ke2 Nc5 28. b4 Nd3 29. Qb6 Rc2+ 30. Kd1 Rxf2 31. Qxe6+ Kf8 32. Qxd5 Rxg2 33. e6
Nb2+ 34. Kc1 Nd3+ 35. Kb1 Rg1+ 0-1

[Event "AUTO-MASTER-2477"]
[Site "http://www.queenalice.com/game.php?id=1427510"]
[Date "2016.6.14"]
[Round "1"]
[White "franz_ferdinand"]
[Black "kiruba"]
[Result "1/2-1/2"]
[WhiteElo "2157"]
[BlackElo "1966"]

1. e4 e6 2. d4 d5 3. Nc3 c5 4. exd5 exd5 5. dxc5 Bxc5 6. Qxd5 Qb6 7. Bb5+ Bd7 8.
Bxd7+ Nxd7 9. Nh3 Ngf6 10. Qb3 Qc6 11. O-O O-O 12. Bg5 Rfe8 13. Rfe1 h6 14. Bxf6
Nxf6 15. Qb5 Qxb5 16. Nxb5 Rxe1+ 17. Rxe1 a6 18. Nc3 Rd8 19. Rd1 Re8 20. Kf1 Ng4
21. g3 Nxh2+ 22. Kg2 Ng4 23. Rd7 b6 24. Na4 Re5 25. Nf4 Nxf2 26. Nxc5 Rxc5 27.
Kxf2 Rxc2+ 28. Ke3 Rxb2 29. Rd2 Rb5 30. Nd5 a5 31. Nc7 Rb1 32. Rd8+ Kh7 33. Rd7
Kg6 34. Rd6+ f6 35. Nd5 b5 36. Ra6 a4 37. Rb6 Kg5 38. Nc3 Rb2 39. Rxb5+ Rxb5 40.
Nxb5 Kg4 41. Kf2 g5 42. Nc3 f5 43. Nxa4 f4 44. gxf4 Kxf4 45. Nb6 Ke4 46. a4 Kd4
47. a5 Kc5 48. Nc4 Kb5 49. Kg3 h5 50. Kf3 Ka6 1/2-1/2

[Event "AUTO-MASTER-2477"]
[Site "http://www.queenalice.com/game.php?id=1427511"]
[Date "2016.6.14"]
[Round "1"]
[White "kiruba"]
[Black "mvson33"]
[Result "0-1"]
[WhiteElo "2022"]
[BlackElo "1979"]

1. Nf3 d5 2. d4 Nf6 3. e3 c6 4. c4 e6 5. cxd5 exd5 6. Bd3 Be7 7. O-O O-O 8. Nc3
Bg4 9. h3 Bd7 10. Qb3 Qc7 11. Bd2 Be6 12. Rac1 Nbd7 13. Rc2 Rab8 14. Rfc1 Rfe8
15. Nb5 Qb6 16. a4 cxb5 17. Bxb5 a6 18. a5 Qxb5 19. Qa2 Bd6 20. Rc3 Nf8 21. Rb3
Qd7 22. Qb1 Ne4 23. Be1 Ng6 24. Nh2 Bxh3 25. gxh3 Qxh3 26. f4 Nh4 27. Bxh4 Qxh4
28. Rc2 Re6 29. Qf1 Rg6+ 30. Rg2 Nd2 31. Qd1 Rxg2+ 32. Kxg2 Nxb3 33. Qxb3 Re8
34. Qxd5 Rxe3 35. Qxd6 Qg3+ 36. Kf1 Re1# 0-1

[Event "AUTO-MASTER-2477"]
[Site "http://www.queenalice.com/game.php?id=1427512"]
[Date "2016.6.14"]
[Round "1"]
[White "mvson33"]
[Black "kiruba"]
[Result "1/2-1/2"]
[WhiteElo "1986"]
[BlackElo "2004"]

1. c4 Nf6 2. Nc3 g6 3. g3 Bg7 4. Bg2 O-O 5. Nf3 d6 6. O-O c5 7. d3 Nc6 8. a3 Bg4
9. Bg5 Nh5 10. Bd2 Qb6 11. Qc2 Bxf3 12. Bxf3 Nd4 13. Qc1 Nxf3+ 14. exf3 Qc6 15.
Kg2 f5 16. Re1 Rae8 17. Nd5 e5 18. Bh6 Bxh6 19. Qxh6 Nf6 20. Nxf6+ Rxf6 21. Qd2
Rfe6 22. Re2 e4 23. fxe4 fxe4 24. dxe4 Rxe4 25. Rxe4 Qxe4+ 26. Kg1 Qxc4 27. Qxd6
Re2 28. Qb8+ Kg7 29. Qxb7+ Kh6 30. b3 Qd4 31. Rf1 Qb2 32. Qxa7 Qxb3 33. Qxc5 Ra2
34. Qe3+ Qxe3 35. fxe3 Rxa3 36. Re1 Kg5 37. e4 Kf6 38. e5+ Ke6 39. Re2 Ra5 40.
Kf2 g5 41. h3 h5 42. Kg2 Rd5 43. Kf2 Rd3 44. Kg2 g4 45. hxg4 hxg4 46. Kf2 Rd5
47. Re4 Kf5 48. Re2 Ke6 49. Re4 Kf5 50. Re2 Ke6 1/2-1/2

[Event "AUTO-ADV-3768"]
[Site "http://www.queenalice.com/game.php?id=1460579"]
[Date "2017.1.21"]
[Round "1"]
[White "coolchess"]
[Black "kiruba"]
[Result "1-0"]
[WhiteElo "1931"]
[BlackElo "1974"]

1. d4 Nf6 2. c4 g6 3. Nc3 Bg7 4. e4 d6 5. h3 O-O 6. Nf3 Nbd7 7. Be3 c5 8. e5
dxe5 9. dxe5 Ne8 10. Qd5 Nc7 11. Qe4 f5 12. exf6 Nxf6 13. Qh4 Ne6 14. Rd1 Qb6
15. Bc1 Bd7 16. Be2 Rad8 17. O-O Nh5 18. Nd5 Bf6 19. Nxb6 Bxh4 20. Nxd7 1-0

[Event "AUTO-ADV-3768"]
[Site "http://www.queenalice.com/game.php?id=1460580"]
[Date "2017.1.21"]
[Round "1"]
[White "kiruba"]
[Black "coolchess"]
[Result "1-0"]
[WhiteElo "1971"]
[BlackElo "2000"]

1. Nf3 d5 2. b3 c5 3. e3 Nc6 4. Bb2 Bg4 5. Be2 Nf6 6. O-O e6 7. d4 Bd6 8. Nbd2
O-O 9. Rc1 Qa5 10. a3 cxd4 11. Nxd4 Bxe2 12. Qxe2 Nxd4 13. exd4 1-0

[Event "AUTO-ADV-3768"]
[Site "http://www.queenalice.com/game.php?id=1460593"]
[Date "2017.1.21"]
[Round "1"]
[White "kiruba"]
[Black "andrevillares"]
[Result "0-1"]
[WhiteElo "1990"]
[BlackElo "1988"]

1. Nf3 d5 2. g3 c5 3. Bg2 Nc6 4. O-O Nf6 5. d4 cxd4 6. Nxd4 e5 7. Nb3 Bf5 8. Bg5
Be7 9. N1d2 O-O 10. Rc1 Rc8 11. c4 dxc4 12. Nxc4 h6 13. Be3 Be4 14. Bxe4 Nxe4
15. Ncd2 Nxd2 16. Qxd2 Bf6 17. a3 Qxd2 18. Nxd2 Nd4 19. Bxd4 exd4 20. Rfd1 Rfe8
21. Nf3 Rxc1 22. Rxc1 Rxe2 23. Rc8+ Kh7 24. b4 d3 25. Rc1 Bb2 26. Rd1 Bxa3 27.
Rxd3 Bxb4 28. Nd4 Re1+ 29. Kg2 a5 30. Rb3 Rc1 31. Nf3 b6 32. Ne5 Rc2 33. Nxf7
Bc5 34. Rf3 a4 35. Ne5 a3 36. Rd3 Rxf2+ 37. Kh3 a2 38. Rd1 Rb2 39. Ra1 Bd4 40.
Nf3 Bf6 41. Rf1 Rb1 42. Rf2 a1=Q 43. Rg2 Qa5 44. g4 Rb3 45. Rg3 Be5 46. Ng5+
hxg5 47. Rxb3 Qa2 0-1

[Event "AUTO-ADV-3768"]
[Site "http://www.queenalice.com/game.php?id=1460594"]
[Date "2017.1.21"]
[Round "1"]
[White "andrevillares"]
[Black "kiruba"]
[Result "1/2-1/2"]
[WhiteElo "1953"]
[BlackElo "1992"]

1. d4 Nf6 2. c4 g6 3. Nc3 Bg7 4. e4 d6 5. Nf3 O-O 6. Be2 Nbd7 7. O-O e5 8. Bg5
c6 9. Qd2 Qc7 10. Rad1 exd4 11. Nxd4 Re8 12. Bf3 Nb6 13. Qd3 d5 14. cxd5 cxd5
15. exd5 Qc4 16. d6 Qxd3 17. Rxd3 a6 18. Nb3 Rb8 19. Nc5 Bf5 20. Rdd1 Nbd7 21.
Nxb7 h6 22. Bxf6 Bxf6 23. Bc6 Rec8 24. Bf3 Bxc3 25. bxc3 Rxc3 26. Na5 Ra3 27.
Nc6 Rb5 28. Ne7+ Kf8 29. Bc6 Rc5 30. Rfe1 Be6 31. Bxd7 Bxd7 32. Nd5 Be6 33. Nb6
Ke8 34. d7+ Kd8 35. Re2 Rc6 36. Rb2 Ra5 37. Nc4 Rb5 38. Na5 Rcb6 39. Rc2 Bxd7
40. Rcd2 Rxa5 41. Rxd7+ Ke8 42. R7d2 Ke7 43. g3 1/2-1/2

[Event "AUTO-ADV-3768"]
[Site "http://www.queenalice.com/game.php?id=1460595"]
[Date "2017.1.21"]
[Round "1"]
[White "kiruba"]
[Black "marreta7"]
[Result "1-0"]
[WhiteElo "1966"]
[BlackElo "1689"]

1. Nf3 d5 2. c4 h6 3. cxd5 Qxd5 4. Nc3 Qd8 5. e4 b6 6. d4 Bg4 7. Be2 Bxf3 8.
Bxf3 a5 9. O-O e6 10. Be3 Bb4 11. Rc1 Bxc3 12. Rxc3 Ne7 13. d5 e5 14. Be2 a4 15.
Bb5+ Kf8 16. Bxa4 b5 17. Bb3 b4 18. Rc2 Nd7 19. Qf3 g5 20. d6 cxd6 21. Qxf7# 1-0

[Event "AUTO-ADV-3768"]
[Site "http://www.queenalice.com/game.php?id=1460596"]
[Date "2017.1.21"]
[Round "1"]
[White "marreta7"]
[Black "kiruba"]
[Result "0-1"]
[WhiteElo "1682"]
[BlackElo "1988"]

1. e4 e6 2. e5 d5 3. d4 c5 4. Bb5+ Bd7 5. Bxd7+ Nxd7 6. Ne2 Ne7 7. dxc5 Nxc5 8.
O-O Nc6 9. Re1 Be7 10. Bf4 Qb6 11. b3 O-O 12. Nbc3 Rfd8 13. h3 Rac8 14. a4 Qc7
15. Nb5 Qb8 16. g4 Nxe5 17. Kg2 Bf6 18. Bxe5 Bxe5 19. Rb1 a6 20. Nbd4 Rd7 21.
Qd2 Rdc7 22. Qg5 Bf6 23. Qf4 e5 24. Qd2 exd4 25. Nxd4 Ne4 26. Qa5 Nc3 27. Rb2
Bxd4 28. b4 Ne4 29. Ra2 Rxc2 30. Rxc2 Rxc2 31. b5 Rxf2+ 32. Kg1 Qh2# 0-1

[Event "AUTO-ADV-3792"]
[Site "http://www.queenalice.com/game.php?id=1467576"]
[Date "2017.3.5"]
[Round "1"]
[White "TITAN10"]
[Black "kiruba"]
[Result "0-1"]
[WhiteElo "1791"]
[BlackElo "1974"]

1. e4 c5 2. Nf3 d6 3. d4 cxd4 4. Nxd4 Nf6 5. Nc3 e6 6. Bb5+ Bd7 7. Bxd7+ Nbxd7
8. Bg5 a6 9. O-O Be7 10. Re1 Qb6 11. Nb3 O-O 12. Be3 Qc6 13. f3 Rac8 14. Qe2 d5
15. e5 Nxe5 16. Bf2 Ng6 17. Red1 Bb4 18. Nb1 Qxc2 19. Qxc2 Rxc2 20. a3 Bd6 21.
Bd4 Be5 22. N1d2 Bxd4+ 23. Kf1 Bxb2 24. Ra2 Rfc8 25. Rb1 Be5 26. Rxc2 Rxc2 27.
g3 h6 28. Ke2 Rc8 29. f4 Nxf4+ 30. gxf4 Bxf4 31. Nf3 Ne4 0-1

[Event "AUTO-ADV-3792"]
[Site "http://www.queenalice.com/game.php?id=1467577"]
[Date "2017.3.5"]
[Round "1"]
[White "kiruba"]
[Black "TITAN10"]
[Result "1-0"]
[WhiteElo "1996"]
[BlackElo "1818"]

1. Nf3 d5 2. g3 g6 3. Bg2 Bg7 4. O-O Nf6 5. d4 O-O 6. Nbd2 Nbd7 7. c4 c6 8. cxd5
cxd5 9. b3 Re8 10. Bb2 e6 11. Rc1 Nb6 12. Re1 Bd7 13. e4 dxe4 14. Nxe4 Nxe4 15.
Rxe4 Nd5 16. Ne5 Nf6 17. Re2 Bb5 18. Rec2 Nd5 19. Bxd5 exd5 20. Nxf7 Kxf7 21.
Rc7+ Re7 22. Rxe7+ Qxe7 23. Qf3+ Bf6 24. Qxd5+ Kf8 25. Qxb5 Rd8 26. Qa5 b6 27.
Qa4 Kg8 28. Qc4+ Kg7 29. Qc7 Rd7 30. Qf4 h6 31. Qe3 Qd6 32. Rd1 Re7 33. Qd2 Rd7
34. d5 Qf8 35. Bxf6+ Qxf6 36. Qd4 Qxd4 37. Rxd4 Kf6 38. Kg2 Ke5 39. Rd2 Rxd5 40.
Rxd5+ Kxd5 41. f4 a5 42. a4 Kd4 43. g4 Ke4 44. Kg3 Ke3 45. f5 1-0

[Event "AUTO-ADV-3792"]
[Site "http://www.queenalice.com/game.php?id=1467584"]
[Date "2017.3.5"]
[Round "1"]
[White "betofortaleza"]
[Black "kiruba"]
[Result "0-1"]
[WhiteElo "1916"]
[BlackElo "1983"]

1. e4 c5 2. Bc4 d6 3. Nf3 Nf6 4. d3 Nc6 5. Ng5 e6 6. Nc3 Be7 7. Be3 d5 8. exd5
exd5 9. Nxd5 Nxd5 10. O-O Bxg5 11. Bxc5 Nde7 12. Re1 O-O 13. Qh5 Bf6 14. Rad1 b6
15. Be3 Bxb2 16. Bg5 g6 17. Qh4 Ba3 18. Bf6 Qd6 19. Re4 Nf5 20. Be5 Nxh4 21.
Bxd6 Bxd6 22. Rxh4 Re8 23. Bd5 Bb7 24. c3 Na5 25. Bxb7 Nxb7 26. g3 Re2 27. a4
Rae8 28. Kf1 Ra2 0-1

[Event "AUTO-ADV-3792"]
[Site "http://www.queenalice.com/game.php?id=1467585"]
[Date "2017.3.5"]
[Round "1"]
[White "kiruba"]
[Black "betofortaleza"]
[Result "0-1"]
[WhiteElo "2005"]
[BlackElo "1889"]

1. Nf3 d6 2. g3 e5 3. Bg2 Nc6 4. O-O Bf5 5. d4 e4 6. Ng5 d5 7. Bf4 Bd6 8. Bxd6
Qxd6 9. Bh3 Bxh3 10. Nxh3 Nf6 11. Nd2 Nxd4 12. c4 O-O-O 13. cxd5 Qxd5 14. Nf4
Qf5 15. Rc1 g5 16. Ng2 h5 17. Ne3 Qh3 18. f3 exf3 19. exf3 Ng4 20. fxg4 hxg4 21.
Qxg4+ Qxg4 22. Nxg4 Ne2+ 23. Kg2 Nxc1 24. Ne4 Nxa2 25. Rxf7 Nb4 26. Nxg5 Rhg8
27. h4 Rd2+ 28. Kf3 Nd5 29. b3 Rd3+ 30. Ke4 Nb4 31. Nf6 Rgd8 32. Ne6 Rxg3 33.
Nxd8 Kxd8 34. h5 Rh3 35. Kf5 Nc6 36. b4 Nxb4 37. Rd7+ Kc8 38. Rh7 b5 39. Kg4 Rh1
40. Kf5 a5 41. Ne4 a4 42. Nc5 c6 43. h6 a3 44. Rh8+ Kc7 45. h7 Kb6 46. Nb3 a2
47. Ra8 Rxh7 48. Ke4 Rd7 0-1

[Event "AUTO-ADV-3792"]
[Site "http://www.queenalice.com/game.php?id=1480585"]
[Date "2017.6.1"]
[Round "2"]
[White "goldenboy"]
[Black "kiruba"]
[Result "1-0"]
[WhiteElo "2189"]
[BlackElo "1958"]

1. e4 e6 2. d4 d5 3. exd5 exd5 4. Nf3 Nf6 5. Bg5 Be7 6. Bd3 O-O 7. O-O Nc6 8. c3
Bg4 9. Bc2 Ne4 10. Bxe7 Qxe7 11. h3 Bh5 12. Re1 Rfe8 13. Qd3 Bg6 14. Qb5 Nd6 15.
Rxe7 Nxb5 16. Rxe8+ Rxe8 17. Ba4 a6 18. Nbd2 Re6 19. Re1 Nd6 20. Bxc6 Rxe1+ 21.
Nxe1 bxc6 22. Nef3 Nb7 23. Ne5 c5 24. Nd7 cxd4 25. cxd4 Bd3 26. Nc5 Nxc5 27.
dxc5 Kf8 28. b4 Ke7 29. f4 Ke6 30. Kf2 Kf5 31. Ke3 Bb5 32. g4+ Ke6 33. Kd4 c6
34. Nf3 f5 35. Ng5+ Ke7 36. Nxh7 fxg4 37. hxg4 Be2 38. g5 Bc4 39. a4 Bb3 40. f5
Bxa4 41. f6+ gxf6 42. Nxf6 Bc2 43. Ng4 Ba4 44. Ke5 Bc2 45. Nh6 Bd3 46. Ng4 Bc2
47. Nh2 Bd3 48. Nf3 Kf7 49. Nd4 Bb5 50. Kf5 Bd3+ 51. Ke5 Bb5 52. Kf5 Bd3+ 53.
Kf4 Bb5 54. Nf3 Ba4 55. Ne5+ Kg7 56. Kf5 Bc2+ 57. Kf4 d4 58. Nxc6 d3 59. Ke3 Kg6
60. Nb8 Kf7 61. c6 1-0

[Event "AUTO-ADV-3792"]
[Site "http://www.queenalice.com/game.php?id=1480586"]
[Date "2017.6.1"]
[Round "2"]
[White "kiruba"]
[Black "goldenboy"]
[Result "0-1"]
[WhiteElo "1981"]
[BlackElo "2222"]

1. Nf3 d5 2. g3 c5 3. Bg2 Nc6 4. O-O e5 5. d3 Bg4 6. Nbd2 Qd7 7. e4 Nd4 8. Nxe5
Bxd1 9. Nxd7 Bxc2 10. Nxf8 Bxd3 11. Rd1 Kxf8 12. exd5 Be2 13. Re1 Re8 14. Be4
Nf6 15. Bb1 Nxd5 16. Kg2 f6 17. Nb3 Nxb3 18. axb3 Bf3+ 19. Kxf3 Rxe1 20. Bd2 Rh1
21. Rxa7 Rxb1 22. Ra8+ Kf7 23. Rxh8 Rxb2 24. Be3 Rxb3 25. Rxh7 c4 26. Rh5 Nxe3
27. fxe3 c3 28. Ke2 b5 29. Kd3 b4 30. Rc5 Rb2 31. Rc7+ Kg6 32. h3 Rg2 33. g4 Rh2
34. Rc4 Rxh3 35. Rxb4 c2 36. Kxc2 Rxe3 37. Kd2 Rg3 38. Ke2 Kg5 39. Rb5+ Kxg4 40.
Kf2 Ra3 41. Rb4+ Kg5 42. Kg2 f5 43. Rc4 f4 44. Rc5+ Kg4 45. Rc7 f3+ 46. Kh2 Ra2+
47. Kg1 g5 48. Rg7 Kf4 49. Rf7+ Kg3 0-1

[Event "AUTO-ADV-3792"]
[Site "http://www.queenalice.com/game.php?id=1480589"]
[Date "2017.6.1"]
[Round "2"]
[White "kiruba"]
[Black "jova21"]
[Result "0-1"]
[WhiteElo "1975"]
[BlackElo "1958"]

1. Nf3 d6 2. g3 g6 3. Bg2 Bg7 4. O-O Nf6 5. d4 O-O 6. c4 c6 7. Nc3 Re8 8. e4 Bg4
9. Qc2 Nbd7 10. Bg5 Qc7 11. Rac1 Nb6 12. Nd1 Rac8 13. c5 dxc5 14. Qxc5 Nxe4 15.
Qb4 Bxf3 16. Bxf3 Nxg5 17. Bg2 Qd7 18. Ne3 Bf8 19. h4 e5 20. Qb3 exd4 21. Rfd1
Rcd8 22. Nc2 Nh3+ 23. Bxh3 Qxh3 24. Nxd4 Nd5 25. Rd3 Qc8 26. Rcd1 c5 27. Nb5 c4
28. Nxa7 Qc5 29. Qc2 cxd3 30. Qxc5 Bxc5 0-1

[Event "AUTO-ADV-3792"]
[Site "http://www.queenalice.com/game.php?id=1480590"]
[Date "2017.6.1"]
[Round "2"]
[White "jova21"]
[Black "kiruba"]
[Result "1-0"]
[WhiteElo "1940"]
[BlackElo "1999"]

1. e4 c5 2. Nf3 d6 3. d4 cxd4 4. Nxd4 Nf6 5. Nc3 e6 6. Be2 Be7 7. O-O O-O 8. Be3
Nc6 9. Nxc6 bxc6 10. Qd3 Bb7 11. Rad1 Rc8 12. f4 d5 13. e5 Nd7 14. Ne4 Nb6 15.
Ng5 Qc7 16. Qxh7# 1-0